Les Dones i la igualtat d'oportunitats : anàlisi de les accions subvencionades pel Fons Social Europeu, Objectiu 3 que han beneficiat el col·lectiu de dones en el període 1994 - 1996 anàlisi de les accions subvencionades pel Fons Social Europeu, Objectiu 3 que han beneficiat el col·lectiu de dones en el període 1994 - 1996

ISBN: 84-7794-610-8
Descripció física: 117 p., taules ; 24 cm

MARC

LEADER 00000nam a2200000Ia 4500
001 12205
008 160829s9999 xx 000 0 cat d
020 |a 84-7794-610-8 
080 |a S-1-30 
245 |a Les Dones i la igualtat d'oportunitats :  |b  anàlisi de les accions subvencionades pel Fons Social Europeu, Objectiu 3 que han beneficiat el col·lectiu de dones en el període 1994 - 1996 
260 |a Barcelona :  |b Diputació de Barcelona, DL 1999 
300 |a 117 p., taules ;  |c 24 cm 
490 |a Quaderns del Fons Social Europeu ; 4 
590 |a Hi ha un exemplar en castellà amb R. 17751 
650 |a Dones  |x Treball   |9 35989 
650 0 |a Integració social  |9 35992 
650 0 |a Dret a l'educació  |9 35991 
710 1 |a Barcelona (Catalunya : Província).  |b Diputació  |9 52408 
710 2 |a Fons Social Europeu  |9 7014 
901 |a Arxiu 
942 |n 1 
952 |0 0  |1 0  |4 0  |6 S130  |7 1  |9 47140  |a Arxiu  |b Arxiu  |d 2016-12-01  |l 0  |o S-1-30  |p 12205  |r 2016-12-01 00:00:00  |w 2016-12-01  |y ARXIU 
999 |c 50937  |d 50937